US fed news service, including US State news

Detalles Bibliográficos
Formato: Electrónico Periódico
Lenguaje:inglés
Publicado: New Delhi, India : HT Media
Materias:
Acceso en línea:Full text available from Research Library: 01/02/2005 to present

MARC

LEADER 00000nas a2200000 i 4500
001 ssj0001078650
003 WaSeSS
005 20200512172242.0
006 m d
007 cr n
008 140110c20uu9999ii d| n|s|||||| |0eng d
035 |a (WaSeSS)ssj0001078650 
040 |a WaSeSS  |b eng  |c WaSeSS  |d WaSeSS 
043 |a n-us--- 
050 1 4 |a JK1 
130 0 |a US fed news service, including US State news (Washington, District of Columbia) 
245 1 0 |a US fed news service, including US State news  |h [electronic resource]. 
246 1 |a United States fed news service, including United States State news 
260 |a New Delhi, India :  |b HT Media 
310 |a Daily 
506 |a License restrictions may limit access. 
588 |a Description based on: January 2, 2005; title from title screen (ProQuest, viewed Jan. 10, 2014). 
588 |a Latest issue consulted: January 10, 2014 (viewed Jan. 10, 2014). 
651 0 |a United States  |x Politics and government  |v Newspapers. 
651 0 |a United States  |v Newspapers. 
655 0 |a Electronic journals. 
856 4 0 |z Full text available from Research Library: 01/02/2005 to present  |u https://search.proquest.com/publication/29619